00854nam a22002417a 450000500170000001000160001702000260003302000230005903500150008203700130009708200120011010000210012224500860014325000110022926000380024027000420027830000270032050000510034770000290039894200260042799900170045395201420047020111116164156.0 aENG-104125  a9780071077743c350.00 a007107774xc350.00 aEN-87658  bDBAD/PUB a621.3171 aBadri Ram94726910aPower system protection and switchgear /cby Badri Ram [and] D.N. Vishwakarma a2nd ed aNew DelhibTata McGraw-Hillc2011 a7 West Patel NagarbNew Delhie110008 axvi,670p. c24cm (pbk) aIncludes bibliographical references and index.1 aVishwakarma, D.N.935871 2ddccENmBADh621.317 c58456d58456 00102ddc40718NFICaDBADbDBADd2011-11-17eDBAD/PUBg350.00l0o621.317 BADpEN-87658r2011-11-17 00:00:00t1v350.00w2011-11-17yEN